Movies Quiz

Random Movies or James Bond Quiz
Score 0/30 Timer 05:00
10 Plays Today
Hint Answer % Correct
Star Wars CharactersLuke Skywalker
92.1%
Star Wars CharactersDarth Vader
87.9%
Seven DwarfsSleepy
84.6%
Seven DwarfsGrumpy
83.1%
Star Wars CharactersHan Solo
83.1%
Star Wars CharactersPrincess Leia
82.9%
Seven DwarfsDopey
80.3%
Pixar MoviesToy Story
80.2%
Seven DwarfsHappy
77.5%
Seven DwarfsSneezy
75.5%
Pixar MoviesToy Story 2
63.3%
Pixar MoviesToy Story 3
61.6%
James Bond MoviesGoldfinger
60.5%
James Bond MoviesCasino Royale
58.3%
Star Wars CharactersObi-Wan Kenobi
52.1%
Hint Answer % Correct
Best Picture (1928-1969)Gone with the Wind
49.7%
James Bond MoviesDr. No
49.1%
Pixar MoviesFinding Nemo
47.5%
Disney VillainsScar
47.3%
Disney VillainsCruella de Vil
47.2%
Pixar MoviesMonsters, Inc.
46.6%
Disney VillainsUrsula
43.9%
James Bond MoviesGoldenEye
40.7%
James Bond MoviesSkyfall
40.6%
Best Picture (1928-1969)Casablanca
38.9%
Disney VillainsJafar
37.7%
Disney VillainsCaptain Hook
15.3%
Best Picture (1928-1969)The Sound of Music
15%
Best Picture (1928-1969)Ben-Hur
12.9%
Best Picture (1928-1969)Wings
8.1%
Remove Ads.
Support Sporcle.
Get the best of Sporcle when you Go Orange. This ad-free experience offers more features, more stats, and more fun while also helping to support Sporcle. Thank you for becoming a member.

You're not logged in!

Compare scores with friends on all Sporcle quizzes.
OR
Log In

Sporcle TV

Today on Sporcle TV


Watch our educational content, quiz creation guides, and fun videos on Sporcle TV.

Show Comments

Extras

Top Quizzes Today


Score Distribution

Paid Content

Your Account Isn't Verified!

In order to create a playlist on Sporcle, you need to verify the email address you used during registration. Go to your Sporcle Settings to finish the process.

Report this User

Report this user for behavior that violates our Community Guidelines.

Details: